000 00607nam a2200181Ia 4500
008 151018s9999 xx 000 0 und d
082 _bRBASDV36665
_a891.462
100 _aकमलाकर बोरकर
245 _aघायाळ मी हरिणी
250 _b1
260 _bत्रिदल प्रकाशन मुंबई
_c1988
300 _a84
600 _aकमलाकर बोरकर
630 _aघायाळ मी हरिणी
700 _aकमलाकर बोरकर
730 _aघायाळ मी हरिणी
942 _cBOOK
999 _c1036112
_d1036109